China, Presidents of People's Republic of - Statistics

General Stats
  • This quiz has been taken 54 times
  • The average score is 3 of 5
Answer Stats
Term President % Correct
2013 - Incumbent Xi Jinping
100%
2003 - 2013 Hu Jintao
70%
1993 - 2003 Jiang Zemin
65%
1983 - 1988 Li Xiannian
30%
1988 - 1993 Yang Shangkun
28%
No matching quizzes found
Score Distribution
Percent of People with Each Score
Percentile by Number Answered
Your Score History
You have not taken this quiz